| 000 | 00895nam a2200241 i 4500 | ||
|---|---|---|---|
| 001 | 183547 | ||
| 003 | ES-MaACL | ||
| 005 | 20231106102539.0 | ||
| 008 | 140717s2012 sp af |||| |dspa d | ||
| 080 | _a087.5:82 | ||
| 100 | 1 |
_aLorenzo Aguilera, RosaMari. _9152687 |
|
| 245 | 1 | 0 |
_aMy time is now _b= Mi tiempo es ahora / _cRosaMari Lorenzo Aguilera. |
| 246 | 3 | 1 | _aMi tiempo es ahora |
| 250 | _a1ª ed. | ||
| 260 |
_a[Madrid : _bR.M. Lorenzo Aguilera], _c2012. |
||
| 300 |
_a120, [2] p. : _bil. col. y n. ; _c21 cm. |
||
| 546 | _aTexto en español e inglés. | ||
| 852 |
_aES-MaACL _9190488 _bR.149984 _jA-13157 _dOlim: N-6157 _cDEPO1 _g Dedicatoria autógrafa de la autora _hDonación: de la autora RosaMarí Lorenzo Aguilera |
||
| 903 |
_9152687 _aLorenzo Aguilera, RosaMari _ednr |
||
| 942 |
_2udc _cMONOGRAFIA |
||
| 999 |
_c183547 _d183547 |
||